[Event "PRO League Group Stage"]
[Site "chess.com INT"]
[Date "2019.01.30"]
[Round "4"]
[White "Song, Raymond"]
[Black "Jacobson, Aaron"]
[Result "1-0"]
[WhiteTitle "FM"]
[BlackTitle "FM"]
[WhiteElo "2329"]
[BlackElo "2286"]
[WhiteTeam "Australia Kangaroos"]
[BlackTeam "New York Marshalls"]
[WhiteFideId "3203824"]
[BlackFideId "2089912"]
[EventDate "2019.01.08"]

1. e4 e5 2. Nf3 Nc6 3. Bc4 Nf6 4. d3 Be7 5. O-O O-O 6. Re1 d6 7. a4 Kh8 8. Nc3
Ng8 9. Nd5 f5 10. h3 Bf6 11. c3 h6 12. b4 fxe4 13. dxe4 Nce7 14. Nxf6 Nxf6 15.
Nh2 Qe8 16. Ra2 Qg6 17. Qd3 Nh5 18. Nf1 Be6 19. Kh2 Qf7 20. Bxe6 Qxe6 21. Rc2
Ng6 22. Ne3 a5 23. b5 b6 24. Qc4 Qd7 25. Nd5 Rf7 26. Be3 Nhf4 27. Nxf4 exf4 28.
Bd4 f3 29. g3 Re8 30. Re3 Ne5 31. Qd5 Rf6 32. Rd2 Qc8 33. Qb3 Rff8 34. c4 Qe6
35. Bxe5 Qxe5 36. Rd5 Qe6 37. Qd3 Rf6 38. Rf5 Rg6 39. Rfxf3 Rg5 40. Rf4 Rh5 41.
h4 Rc5 42. e5 Rxe5 43. Ref3 Qe7 44. Qg6 Rg8 45. Rf7 Qe6 46. Qxe6 Rxe6 47. Rxc7
Re2 48. Rc6 Ra2 49. Rxb6 Rxa4 50. Rf4 Rc8 51. Rc6 Rb8 52. Rxd6 Rb4 53. Rd7 a4
54. Ra7 Rc8 55. Rff7 Rcxc4 56. Rxg7 Rxb5 57. Rg6 h5 58. Rga6 Rc8 59. Rxa4 Rf5
60. Ra2 Rcf8 61. Kg2 R8f6 62. Rb7 Rf8 63. Rc2 Re8 64. Rcb2 Re6 65. Rd2 Re8 66.
Rdd7 Kg8 67. Rg7+ Kf8 68. Rh7 Kg8 69. Rbg7+ Kf8 70. Rg5 Rf6 71. Rh8+ Kf7 72.
Rxe8 Rh6 73. Ree5 1-0

[Event "PRO League Group Stage"]
[Site "chess.com INT"]
[Date "2019.01.30"]
[Round "4"]
[White "Dreev, Aleksey"]
[Black "Mamedyarov, Shakhriyar"]
[Result "0-1"]
[WhiteTitle "GM"]
[BlackTitle "GM"]
[WhiteElo "2670"]
[BlackElo "2817"]
[WhiteTeam "San Diego Surfers"]
[BlackTeam "San Jose Hackers"]
[WhiteFideId "4100107"]
[BlackFideId "13401319"]
[EventDate "2019.01.08"]

1. d4 Nf6 2. Nf3 b6 3. c4 Bb7 4. Nc3 e6 5. a3 g6 6. Qc2 Bg7 7. e4 O-O 8. Be2 d5
9. cxd5 exd5 10. e5 Ne4 11. Be3 Nd7 12. Rd1 c5 13. dxc5 Nxc3 14. Qxc3 bxc5 15.
Bxc5 Rc8 16. b4 Nxc5 17. bxc5 Qe7 18. Rc1 d4 19. Qxd4 Bxf3 20. Bxf3 Bxe5 21. Qe4
Rfe8 22. O-O Bxh2+ 23. Kh1 Qxe4 24. Bxe4 Rxe4 25. Kxh2 Re5 26. c6 Re6 27. c7 Re7
28. Rfd1 Rcxc7 29. Rxc7 Rxc7 30. Rd6 Kf8 31. Ra6 h5 32. Kh3 Kg7 33. f3 g5 34. f4
Rc3+ 35. Kh2 gxf4 36. Rxa7 f3 37. gxf3 Rxf3 38. a4 Ra3 39. a5 Kg6 40. a6 f5 41.
Ra8 Kg5 42. a7 Kf4 43. Kg2 Ra2+ 44. Kf1 Kf3 45. Kg1 f4 46. Kh1 h4 47. Kg1 Ra1+
48. Kh2 h3 49. Rb8 Rxa7 50. Rb3+ Kg4 51. Rb8 Ra2+ 52. Kg1 Ra3 53. Kh2 Ra5 54.
Rb2 Re5 55. Rb8 Kf3 0-1

[Event "PRO League Group Stage"]
[Site "chess.com INT"]
[Date "2019.01.30"]
[Round "4"]
[White "Safarli, Eltaj"]
[Black "Brown, Michael William"]
[Result "1-0"]
[WhiteTitle "GM"]
[BlackTitle "IM"]
[WhiteElo "2681"]
[BlackElo "2524"]
[WhiteTeam "San Jose Hackers"]
[BlackTeam "San Diego Surfers"]
[WhiteFideId "13402129"]
[BlackFideId "2037602"]
[EventDate "2019.01.08"]

1. e4 e5 2. Nf3 Nc6 3. Bb5 a6 4. Ba4 Nf6 5. Nc3 b5 6. Bb3 Bc5 7. a4 Rb8 8. axb5
axb5 9. d3 h6 10. O-O d6 11. h3 O-O 12. Nd5 Nxd5 13. Bxd5 Ne7 14. Bb3 Ng6 15. c3
Qf6 16. d4 Bb6 17. Be3 Bb7 18. Bc2 Rfe8 19. Re1 Nf4 20. dxe5 dxe5 21. Bxf4 Qxf4
22. Qd7 Qf6 23. Rad1 Red8 24. Qg4 Rd6 25. Rxd6 cxd6 26. Rd1 Rd8 27. Bb3 Bc8 28.
Qg3 Bc5 29. Bd5 b4 30. cxb4 Bxb4 31. Nh2 Bc5 32. Rd3 Be6 33. Ng4 Bxg4 34. hxg4
Qf4 35. Qxf4 exf4 36. Rb3 Rd7 37. Rb8+ Kh7 38. Kf1 Kg6 39. Ke2 Rc7 40. b4 Bd4
41. b5 Ba7 42. Rd8 Rc2+ 43. Kd3 Rb2 44. Rxd6+ f6 45. e5 Rxb5 46. e6 Rb8 47. f3
Re8 48. Rd7 Bc5 49. Be4+ Kg5 50. Rxg7+ Kh4 51. Bd5 Kg3 52. Rg6 Be7 53. Rxh6 Kxg2
54. Rh7 Bd6 55. Ke4 Kg3 56. Rd7 Be7 57. Kf5 Kh4 58. Rxe7 1-0

[Event "PRO League Group Stage"]
[Site "chess.com INT"]
[Date "2019.01.30"]
[Round "4"]
[White "Sheng, Joshua"]
[Black "Yoo, Christopher Woojin"]
[Result "0-1"]
[WhiteTitle "IM"]
[BlackTitle "FM"]
[WhiteElo "2451"]
[BlackElo "2388"]
[WhiteTeam "San Diego Surfers"]
[BlackTeam "San Jose Hackers"]
[WhiteFideId "2057360"]
[BlackFideId "30909694"]
[EventDate "2019.01.08"]

1. e4 c5 2. Nf3 d6 3. d4 cxd4 4. Nxd4 Nf6 5. Nc3 a6 6. Bg5 Nbd7 7. Qe2 e6 8.
O-O-O Be7 9. f4 Qc7 10. g4 b5 11. a3 Bb7 12. Kb1 Rc8 13. Bh4 h6 14. Rg1 g5 15.
fxg5 hxg5 16. Bxg5 Qb6 17. Qe1 Rxc3 18. Bxf6 Nxf6 19. Qxc3 Nxe4 20. Qe1 Bh4 21.
Qb4 Qc5 22. Rg2 Nf2 23. Rd2 Bxg2 24. Bxg2 Qxb4 25. axb4 Nxg4 26. Bb7 Be1 27. Rg2
Nxh2 28. Bxa6 Bxb4 29. Bxb5+ Kf8 30. Be2 Bc5 31. Nc6 Nf1 32. b4 Bb6 33. Kb2 Ne3
34. Rg3 f5 35. Bd3 f4 36. Rf3 e5 37. c4 Rh5 38. Kb3 Rg5 39. Be4 Ng4 40. Ka4 Nf2
41. c5 Bxc5 42. bxc5 Nxe4 43. cxd6 Nxd6 44. Nxe5 Rxe5 45. Rxf4+ Ke7 46. Kb4 Kd7
47. Rf1 Kc6 48. Rc1+ Kb6 49. Kc3 Kc5 50. Kd2+ Kd4 51. Ra1 Nc4+ 52. Kc2 Re2+ 53.
Kb3 Rb2+ 54. Ka4 Kc5 55. Rb1 Nb6+ 0-1

[Event "PRO League Group Stage"]
[Site "chess.com INT"]
[Date "2019.01.30"]
[Round "4"]
[White "Ravuri, Vinesh"]
[Black "Kiewra, Keaton"]
[Result "1-0"]
[BlackTitle "IM"]
[WhiteElo "2042"]
[BlackElo "2362"]
[WhiteTeam "San Jose Hackers"]
[BlackTeam "San Diego Surfers"]
[WhiteFideId "45042632"]
[BlackFideId "2019280"]
[EventDate "2019.01.08"]

1. d4 Nf6 2. Nc3 d5 3. Bf4 e6 4. e3 Be7 5. Bd3 O-O 6. Nf3 c5 7. dxc5 Bxc5 8. O-O
Nc6 9. e4 d4 10. Na4 Be7 11. c3 dxc3 12. Nxc3 Nb4 13. Bc4 a6 14. a3 Nc6 15. e5
Nd7 16. Re1 b5 17. Bd3 Nc5 18. Bc2 b4 19. Ne4 Qxd1 20. Raxd1 b3 21. Bb1 Na4 22.
Bc1 Rb8 23. Nd6 Bxd6 24. exd6 Bd7 25. Re4 Nb6 26. Rh4 h6 27. g4 f6 28. Be4 Rfc8
29. Rh3 Kf7 30. Rg3 Nc4 31. h4 g6 32. Bd3 Nd8 33. Kg2 Nb7 34. g5 hxg5 35. hxg5
Nbxd6 36. gxf6 Bc6 37. Bf4 Rb7 38. Bxg6+ Kxf6 39. Bxd6 Nxd6 40. Rxd6 Bd5 41. Bd3
Rc2 42. Rxd5 exd5 43. Rg6+ Kf7 44. Bxc2 bxc2 45. Rc6 Rxb2 46. Nd4 Ra2 47. Nxc2
Ke7 48. Nb4 a5 49. Nxd5+ Kd7 50. Rc3 Kd6 51. Ne3 a4 52. Kf3 Ke5 53. Rd3 Ke6 54.
Nc4 Ra1 55. Nb6 Rh1 56. Nxa4 Rh3+ 57. Ke2 Rh4 58. Nc5+ Ke5 59. Nb3 Ra4 60. Nd2
Ra8 61. Re3+ Kd4 62. a4 Kd5 63. a5 Kd4 64. Ra3 Kc5 65. a6 Kb6 66. a7 Kb7 67. Nc4
Re8+ 68. Kd3 Rd8+ 69. Kc3 Rc8 70. a8=Q+ Rxa8 71. Rxa8 Kxa8 72. Kd4 1-0

[Event "PRO League Group Stage"]
[Site "chess.com INT"]
[Date "2019.01.30"]
[Round "4"]
[White "Erenburg, Sergey"]
[Black "Mamedyarov, Shakhriyar"]
[Result "0-1"]
[WhiteTitle "GM"]
[BlackTitle "GM"]
[WhiteElo "2589"]
[BlackElo "2817"]
[WhiteTeam "Pittsburgh Pawngrabbers"]
[BlackTeam "San Jose Hackers"]
[WhiteFideId "2805642"]
[BlackFideId "13401319"]
[EventDate "2019.01.08"]

1. e4 c6 2. d4 d5 3. Nc3 dxe4 4. Nxe4 Bf5 5. Ng3 Bg6 6. Nf3 e6 7. Bd3 Nf6 8. O-O
Bd6 9. Qe2 O-O 10. Rd1 Qc7 11. b3 Nbd7 12. c4 Rfe8 13. Bb2 e5 14. dxe5 Nxe5 15.
Nxe5 Bxe5 16. Qc2 Qa5 17. Bxg6 hxg6 18. Nf1 Re6 19. Bxe5 Qxe5 20. Ng3 Rae8 21.
h3 a5 22. Rac1 Qc5 23. Qd2 g5 24. Re1 g4 25. h4 Qb4 26. Qxb4 axb4 27. Kf1 Rxe1+
28. Rxe1 Ra8 29. Re2 g6 30. Ke1 c5 31. Nf1 Nd7 32. Ne3 Nf6 33. Nd5 Kg7 34. Nxf6
Kxf6 35. g3 Ra6 36. Kd1 Rd6+ 37. Kc2 Re6 38. Kd3 Rxe2 39. Kxe2 Ke5 40. f3 Kf5
41. Ke3 b6 42. f4 Ke6 43. Ke4 f5+ 44. Ke3 Kd6 45. Kd3 Kc6 46. Kd2 b5 47. Kd3 Kb6
48. cxb5 Kxb5 49. Kd2 Kc6 50. Ke3 Kd6 51. Kd2 Kd5 52. Kd3 c4+ 53. bxc4+ Kc5 54.
Kd2 Kxc4 55. Kc2 Kb5 56. Kb2 Kc6 57. Kc2 Kd5 58. Kb3 Kc5 59. Kc2 Kc4 60. Kb2 Kd4
61. Kb3 Ke3 62. Kxb4 Kf3 63. a4 Kxg3 64. a5 Kxh4 65. a6 g3 66. a7 g2 67. a8=Q
g1=Q 68. Qh8+ Kg4 69. Qh6 Kf3 70. Kc4 Qg4 71. Kd5 Qxf4 72. Qxg6 Qe4+ 73. Kd6
Qd4+ 74. Kc6 Qc4+ 75. Kb7 Qg4 76. Qf6 Qe4+ 77. Kb8 f4 78. Qh4 Ke2 79. Qg4+ Ke3
80. Qg5 Qe8+ 81. Ka7 Qd7+ 82. Kb8 Qd4 83. Ka8 Qe4+ 84. Kb8 Ke2 85. Qg4+ Kf2 86.
Qh4+ Ke2 87. Qg4+ Kd2 88. Qg5 Qe8+ 89. Ka7 Qe3+ 90. Ka8 f3 91. Qd5+ Ke1 92. Qa5+
Kf1 93. Qb5+ Qe2 94. Qh5 Qe4+ 95. Kb8 Ke2 96. Ka7 Qe3+ 97. Ka8 Ke1 98. Qa5+ Kf1
99. Qb5+ Kg1 100. Qb1+ Kg2 101. Qb7 Qe8+ 102. Ka7 Qa4+ 103. Kb8 Qf4+ 104. Ka8
Qg4 105. Qd5 Kg3 106. Qd3 Qa4+ 107. Kb8 Qf4+ 108. Ka8 Kh3 109. Qc3 Qg3 110. Qc8+
Kg2 111. Qc6 Qg5 112. Qe4 Kg3 113. Qd3 Qf6 114. Qe3 Qf8+ 115. Kb7 Qf5 116. Ka8
Kg2 117. Qd2+ f2 118. Qe2 Qf3+ 119. Qxf3+ Kxf3 0-1

[Event "PRO League Group Stage"]
[Site "chess.com INT"]
[Date "2019.01.30"]
[Round "4"]
[White "Safarli, Eltaj"]
[Black "Shabalov, Alexander"]
[Result "1-0"]
[WhiteTitle "GM"]
[BlackTitle "GM"]
[WhiteElo "2681"]
[BlackElo "2529"]
[WhiteTeam "San Jose Hackers"]
[BlackTeam "Pittsburgh Pawngrabbers"]
[WhiteFideId "13402129"]
[BlackFideId "2008572"]
[EventDate "2019.01.08"]

1. e4 c5 2. Nc3 e6 3. Nf3 Nc6 4. Bb5 Nge7 5. O-O a6 6. Bxc6 Nxc6 7. d4 cxd4 8.
Nxd4 Be7 9. Nxc6 bxc6 10. e5 Qc7 11. Bf4 c5 12. Qg4 O-O 13. Ne4 Kh8 14. Rad1 Bb7
15. Rfe1 Qc6 16. Nd6 f5 17. Qg3 Rab8 18. f3 Ba8 19. b3 a5 20. h4 a4 21. Bg5 Bxd6
22. Rxd6 Qb5 23. h5 h6 24. c4 Qb7 25. Be3 axb3 26. axb3 Rf7 27. Qg6 Rbf8 28.
Bxc5 Kg8 29. b4 Rc8 30. Red1 Qc7 31. Qxf7+ Kxf7 32. Rxd7+ Ke8 33. Rxc7 Rxc7 34.
Rd6 Kf7 35. Kf2 Bb7 36. Ke3 Bc8 37. Kd4 Bd7 38. Bb6 Rb7 39. b5 Ke8 40. Kc5 Ke7
41. Kb4 1-0

[Event "PRO League Group Stage"]
[Site "chess.com INT"]
[Date "2019.01.30"]
[Round "4"]
[White "Le, Tuan Minh"]
[Black "Yoo, Christopher Woojin"]
[Result "1-0"]
[WhiteTitle "IM"]
[BlackTitle "FM"]
[WhiteElo "2515"]
[BlackElo "2388"]
[WhiteTeam "Pittsburgh Pawngrabbers"]
[BlackTeam "San Jose Hackers"]
[WhiteFideId "12401153"]
[BlackFideId "30909694"]
[EventDate "2019.01.08"]

1. Nf3 Nf6 2. d4 g6 3. Bg5 Bg7 4. Nbd2 O-O 5. c3 d6 6. e4 b6 7. Bd3 Bb7 8. O-O
Nbd7 9. a4 a6 10. Re1 e5 11. Qc2 h6 12. Bh4 Qe8 13. Bg3 Nh5 14. Nc4 Nxg3 15.
hxg3 Qe7 16. Rad1 Rac8 17. b4 Rfe8 18. Qb3 Qe6 19. d5 Qe7 20. a5 b5 21. Ne3 c5
22. dxc6 Bxc6 23. c4 Nf6 24. cxb5 axb5 25. Rc1 Qb7 26. Nd2 Bf8 27. Qb1 Red8 28.
Re2 d5 29. exd5 Bxd5 30. Rxc8 Rxc8 31. Nxd5 Qxd5 32. Ne4 Nxe4 33. Bxe4 Qc4 34.
Rb2 f5 35. Bb7 Qc1+ 36. Kh2 Qxb1 37. Rxb1 Rc2 38. a6 Ra2 39. Bd5+ 1-0

[Event "PRO League Group Stage"]
[Site "chess.com INT"]
[Date "2019.01.30"]
[Round "4"]
[White "Ravuri, Vinesh"]
[Black "Canty, James"]
[Result "0-1"]
[WhiteElo "2042"]
[BlackElo "2222"]
[WhiteTeam "San Jose Hackers"]
[BlackTeam "Pittsburgh Pawngrabbers"]
[WhiteFideId "45042632"]
[BlackFideId "2055945"]
[EventDate "2019.01.08"]

1. d4 Nf6 2. Nc3 d5 3. Bf4 Bf5 4. e3 e6 5. f3 Bg6 6. g4 a6 7. h4 h6 8. Bd3 Bxd3
9. Qxd3 Nbd7 10. Nge2 c5 11. Kf2 Rc8 12. Ng3 Qb6 13. Rab1 Bd6 14. Bxd6 Qxd6 15.
g5 Ng8 16. e4 Ne7 17. Nh5 Kf8 18. Rbd1 cxd4 19. Qxd4 e5 20. Qd2 d4 21. Ne2 Qb6
22. Kg2 Qxb2 23. Rc1 Qxa2 24. Nxd4 g6 25. Ne2 Qe6 26. Nhg3 Kg7 27. Rcd1 Nb6 28.
c3 Nc4 29. Qc1 Qb6 30. Rd7 Rc7 31. Rxc7 Qxc7 32. h5 Qc5 33. Nf1 Qc6 34. Neg3 Qe6
35. hxg6 fxg6 36. gxh6+ Kf7 37. Qg5 Qf6 38. Qc1 Rh7 39. Qc2 b5 40. Qa2 Kg8 41.
Ne3 Qe6 42. Nxc4 bxc4 43. Qd2 Kf7 44. Rb1 Qf6 45. Rb7 Qh4 46. Qd5+ Kf8 47. Qxe5
Rxh6 48. Rb8+ Kf7 49. Kf2 Qh2+ 50. Ke3 Qg1+ 51. Kf4 Rh4+ 52. Kg5 Rh5+ 0-1

[Event "PRO League Group Stage"]
[Site "chess.com INT"]
[Date "2019.01.30"]
[Round "4"]
[White "Sarana, Alexey"]
[Black "Dreev, Aleksey"]
[Result "1/2-1/2"]
[WhiteTitle "GM"]
[BlackTitle "GM"]
[WhiteElo "2630"]
[BlackElo "2670"]
[WhiteTeam "Australia Kangaroos"]
[BlackTeam "San Diego Surfers"]
[WhiteFideId "24133795"]
[BlackFideId "4100107"]
[EventDate "2019.01.08"]

1. d4 d5 2. Nf3 Nf6 3. Bf4 Bf5 4. e3 e6 5. c4 Bxb1 6. Qxb1 Bb4+ 7. Kd1 Bd6 8.
Bxd6 Qxd6 9. c5 Qe7 10. Bd3 Nbd7 11. Qc2 c6 12. h3 g6 13. Qc3 O-O 14. Ke2 e5 15.
dxe5 Ne4 16. Bxe4 dxe4 17. Nd2 Nxc5 18. b4 Na4 19. Qb3 b5 20. Rac1 Qxe5 21. Rxc6
Rad8 22. Rhc1 Rd3 23. Qc2 Rfd8 24. Nf1 Qh5+ 25. Ke1 Qd5 26. Ng3 Kg7 27. Rc7 Qe5
28. h4 h5 29. Kf1 Rd2 30. Qxe4 Rd1+ 31. Ke2 R8d2+ 32. Kf3 Qf6+ 33. Qf4 Qxf4+ 34.
exf4 Rxc1 35. Rxc1 Rxa2 36. Rc7 Ra3+ 37. Ke4 Rb3 38. Ke5 Nb6 39. f5 Nc4+ 40. Kd5
Rxb4 41. fxg6 Kxg6 42. Kc5 Rb2 43. Rc6+ f6 44. Ne4 Kf5 45. f3 Ke5 46. Rxf6 Rxg2
47. Rh6 Kf4 48. Kxb5 Ne5 49. Ng5 Rb2+ 50. Kc5 Kg3 51. Rxh5 Nxf3 52. Rh8 Nxh4 53.
Ne4+ Kg4 54. Nf6+ Kg5 55. Ne4+ Kg4 56. Nc3 Rc2 57. Kb4 Rb2+ 1/2-1/2

[Event "PRO League Group Stage"]
[Site "chess.com INT"]
[Date "2019.01.30"]
[Round "4"]
[White "Brown, Michael William"]
[Black "Kuybokarov, Temur"]
[Result "1-0"]
[WhiteTitle "IM"]
[BlackTitle "IM"]
[WhiteElo "2524"]
[BlackElo "2513"]
[WhiteTeam "San Diego Surfers"]
[BlackTeam "Australia Kangaroos"]
[WhiteFideId "2037602"]
[BlackFideId "14203049"]
[EventDate "2019.01.08"]

1. c4 e5 2. Nc3 Bb4 3. Nd5 a5 4. a3 Be7 5. d4 d6 6. Nf3 e4 7. Nd2 f5 8. e3 Nf6
9. Nxe7 Qxe7 10. Be2 O-O 11. O-O Nc6 12. Nb1 Nd8 13. Nc3 Ne6 14. Rb1 Bd7 15. b4
axb4 16. axb4 b6 17. Nd5 Nxd5 18. cxd5 Ng5 19. Qc2 Rfc8 20. Bd2 Be8 21. Ra1 h5
22. Rfc1 Rxa1 23. Rxa1 h4 24. h3 Bf7 25. Qc6 Nh7 26. Ra7 Nf6 27. Ba6 Bxd5 28.
Qc2 Ra8 29. Rxc7 Qe8 30. b5 Qh5 31. Bb4 f4 32. exf4 e3 33. fxe3 Be4 34. Qc4+ Nd5
35. Bb7 Ra1+ 36. Kh2 Kh7 37. Bxd5 Bxd5 38. Qd3+ Kh6 39. e4 Bxe4 40. Qxe4 Qd1 41.
Qe1 Qxe1 42. Bxe1 Rxe1 43. Rc6 Re6 44. Rxb6 Kg6 45. d5 Rf6 46. Rc6 Rxf4 47.
Rxd6+ Kf5 48. Rd7 Ke5 49. b6 Rb4 50. b7 g5 51. Kg1 Kf4 52. Rf7+ Ke5 53. Rd7 Kf4
54. Re7 Rb1+ 55. Kf2 Rb2+ 56. Ke1 Kg3 57. d6 1-0

[Event "PRO League Group Stage"]
[Site "chess.com INT"]
[Date "2019.01.30"]
[Round "4"]
[White "Cheng, Bobby"]
[Black "Sheng, Joshua"]
[Result "0-1"]
[WhiteTitle "IM"]
[BlackTitle "IM"]
[WhiteElo "2520"]
[BlackElo "2451"]
[WhiteTeam "Australia Kangaroos"]
[BlackTeam "San Diego Surfers"]
[WhiteFideId "4300033"]
[BlackFideId "2057360"]
[EventDate "2019.01.08"]

1. Nf3 d5 2. g3 Bg4 3. Bg2 Nd7 4. O-O Ngf6 5. d3 c6 6. h3 Bh5 7. Qe1 e5 8. e4
dxe4 9. dxe4 Qc7 10. a4 Be7 11. Nh4 Bg6 12. Nd2 O-O 13. Kh1 Rfe8 14. a5 Nc5 15.
Qe2 Bh5 16. Qe3 Nfd7 17. Nf5 Bf8 18. Nc4 b5 19. axb6 axb6 20. Bd2 b5 21. Na5 f6
22. b4 Na4 23. c4 Nab6 24. c5 Na4 25. Rfb1 Bf7 26. Bf3 Red8 27. Qe1 Rxa5 28.
bxa5 Ndxc5 29. Be3 Nd3 30. Qd2 Nb4 31. Qe1 Nc2 32. Qc1 Nxa1 33. Rxa1 c5 34. Bd2
c4 35. Ne3 Qc5 36. Be1 Qd4 37. Rb1 Rb8 38. Nd5 f5 39. Bg2 fxe4 40. Nc3 Nxc3 41.
Bxc3 Qxf2 42. Bxe5 Re8 43. Qf4 Qc5 44. Bc3 e3 45. Bd4 Qe7 46. a6 e2 47. Bf2 Qd7
48. Qf3 c3 49. a7 c2 50. Re1 Qd1 51. Qf4 Bb4 52. a8=Q Rxa8 53. Bxa8 Bd5+ 54. Kh2
Bxa8 55. Qb8+ Bf8 0-1

[Event "PRO League Group Stage"]
[Site "chess.com INT"]
[Date "2019.01.30"]
[Round "4"]
[White "Kiewra, Keaton"]
[Black "Song, Raymond"]
[Result "0-1"]
[WhiteTitle "IM"]
[BlackTitle "FM"]
[WhiteElo "2362"]
[BlackElo "2329"]
[WhiteTeam "San Diego Surfers"]
[BlackTeam "Australia Kangaroos"]
[WhiteFideId "2019280"]
[BlackFideId "3203824"]
[EventDate "2019.01.08"]

1. d4 Nf6 2. Nf3 d5 3. Bf4 c5 4. e3 e6 5. Nbd2 Nc6 6. c3 cxd4 7. exd4 Nh5 8. Bg5
f6 9. Be3 Bd6 10. Be2 Nf4 11. Bxf4 Bxf4 12. O-O O-O 13. Re1 e5 14. Nf1 e4 15.
N3d2 f5 16. Ne3 Kh8 17. g3 Bh6 18. f4 g5 19. Ng2 gxf4 20. Nxf4 Bxf4 21. gxf4 Qh4
22. Kh1 Qxf4 23. Rg1 Qh6 24. Qb3 Qxd2 25. Rg2 Qh6 26. Qxd5 f4 27. Bc4 Bh3 28.
Rg5 f3 29. Rag1 Bg2+ 30. R1xg2 fxg2+ 31. Kxg2 Rad8 32. Qb5 Qf6 33. Kh3 Qf3+ 34.
Rg3 Qf5+ 35. Qxf5 Rxf5 36. Kg2 Rdf8 37. Rg4 Rf2+ 38. Kg1 Na5 39. Bd5 e3 40. b4
e2 41. Rg8+ Rxg8+ 42. Kxf2 Re8 43. Ke1 Nc6 44. Bf3 Re3 45. Bxe2 Rxc3 0-1

[Event "PRO League Group Stage"]
[Site "chess.com INT"]
[Date "2019.01.30"]
[Round "4"]
[White "Robson, Ray"]
[Black "Demchenko, Anton"]
[Result "1-0"]
[WhiteTitle "GM"]
[BlackTitle "GM"]
[WhiteElo "2667"]
[BlackElo "2679"]
[WhiteTeam "Webster Windmills"]
[BlackTeam "New York Marshalls"]
[WhiteFideId "2023970"]
[BlackFideId "4160258"]
[EventDate "2019.01.08"]

1. e4 c5 2. Nf3 Nc6 3. d4 cxd4 4. Nxd4 Nf6 5. Nc3 d6 6. Bg5 e6 7. Qd2 a6 8.
O-O-O Bd7 9. f3 Nxd4 10. Qxd4 Be7 11. h4 b5 12. Kb1 Rb8 13. g4 b4 14. Ne2 h5 15.
gxh5 Rxh5 16. Ng3 Rh8 17. e5 dxe5 18. Qxe5 Rc8 19. Bxa6 Rc5 20. Qe2 Qc7 21. Rhg1
Bc6 22. f4 Nd5 23. f5 Qb6 24. Bc4 Bb5 25. Bxb5+ Rxb5 26. fxe6 fxe6 27. Bxe7 Nxe7
28. Ne4 Nf5 29. Nd6+ Nxd6 30. Qxe6+ Kf8 31. Rgf1+ 1-0

[Event "PRO League Group Stage"]
[Site "chess.com INT"]
[Date "2019.01.30"]
[Round "4"]
[White "Azarov, Sergei"]
[Black "Ashwin, Jayaram"]
[Result "1/2-1/2"]
[WhiteTitle "GM"]
[BlackTitle "GM"]
[WhiteElo "2575"]
[BlackElo "2500"]
[WhiteTeam "New York Marshalls"]
[BlackTeam "Webster Windmills"]
[WhiteFideId "13501470"]
[BlackFideId "5018137"]
[EventDate "2019.01.08"]

1. e4 Nf6 2. e5 Nd5 3. d4 d6 4. c4 Nb6 5. exd6 exd6 6. Nc3 Be7 7. Bd3 Nc6 8.
Nge2 O-O 9. O-O Bf6 10. Be3 Nb4 11. Ng3 Nxd3 12. Qxd3 Re8 13. Rad1 Bd7 14. b3 a5
15. c5 Nc8 16. Nd5 c6 17. Nxf6+ Qxf6 18. d5 cxd5 19. Qxd5 Bc6 20. Qf5 Qxf5 21.
Nxf5 dxc5 22. Bxc5 h5 23. Rfe1 Rxe1+ 24. Rxe1 g6 25. Nd4 Bd7 26. Nf3 Ra6 27. h3
Rc6 28. Re5 b6 29. Bd4 Rd6 30. Re3 f6 31. Rc3 Kf7 32. Rc7 Ke7 33. Be3 Rc6 34.
Rb7 Rc2 35. a4 Rb2 36. Nd4 Kd8 37. Bf4 Rb1+ 38. Kh2 Rd1 39. Be3 Rd3 40. h4 Rc3
41. Kg1 Rc7 42. Rb8 Rc3 43. Nb5 Bxb5 44. Bxb6+ Kd7 45. axb5 Nxb6 46. Rxb6 Ke7
47. Rb7+ Ke6 48. Ra7 Rxb3 49. Rxa5 Rb1+ 50. Kh2 Rb2 51. Kg3 Rb4 52. Ra6+ Ke5 53.
Rb6 g5 54. hxg5 fxg5 55. f3 Rb2 56. Rb8 Kf5 57. b6 Kg6 58. Kh3 Kh6 59. Kg3 Kg6
60. Kh2 Rb1 61. Kg3 Rb2 62. Rg8+ Kh6 63. Rb8 Kg6 64. Kh2 Rb1 65. Kg3 h4+ 66. Kh2
Kh6 67. Rh8+ Kg6 68. Rg8+ Kh6 69. Rh8+ Kg6 70. Rb8 Kh6 71. Rh8+ Kg6 72. Rg8+ Kh6
73. Rh8+ Kg6 74. Rg8+ 1/2-1/2

[Event "PRO League Group Stage"]
[Site "chess.com INT"]
[Date "2019.01.30"]
[Round "4"]
[White "Boros, Denes"]
[Black "Bykhovsky, Anatoly"]
[Result "0-1"]
[WhiteTitle "GM"]
[BlackTitle "GM"]
[WhiteElo "2442"]
[BlackElo "2496"]
[WhiteTeam "Webster Windmills"]
[BlackTeam "New York Marshalls"]
[WhiteFideId "722340"]
[BlackFideId "2806991"]
[EventDate "2019.01.08"]

1. e4 c5 2. Nf3 e6 3. Be2 Nc6 4. d4 cxd4 5. Nxd4 Nf6 6. Nc3 Bb4 7. O-O d6 8. Qd3
O-O 9. Bg5 h6 10. Nxc6 bxc6 11. Bh4 g5 12. Bg3 e5 13. Na4 Qe7 14. a3 Ba5 15. c4
Bc7 16. Rac1 a5 17. Rfd1 Be6 18. h4 Kg7 19. hxg5 hxg5 20. Qe3 Ng4 21. Bxg4 Bxg4
22. f3 Be6 23. c5 d5 24. exd5 Bxd5 25. Nb6 Rad8 26. Re1 f6 27. b4 axb4 28. axb4
Bf7 29. f4 gxf4 30. Bxf4 Rh8 31. Qf3 Rd4 32. Be3 Rdh4 33. Qxc6 e4 34. Nd5 Bg3
35. Kf1 Qe5 36. Red1 Rh1+ 37. Bg1 Qf5+ 38. Ke2 Rxg1 39. Qxf6+ Qxf6 40. Nxf6 Rxd1
41. Rxd1 Kxf6 42. Rf1+ Ke6 43. Ke3 Bg6 44. b5 Rd8 45. Rh1 Rd3+ 46. Ke2 Bf5 47.
Rh6+ Ke5 48. Rd6 Bg4+ 49. Kf1 Rxd6 50. cxd6 e3 0-1

[Event "PRO League Group Stage"]
[Site "chess.com INT"]
[Date "2019.01.30"]
[Round "4"]
[White "Jacobson, Aaron"]
[Black "Grabinsky, Aaron"]
[Result "1-0"]
[WhiteTitle "FM"]
[WhiteElo "2286"]
[BlackElo "2350"]
[WhiteTeam "New York Marshalls"]
[BlackTeam "Webster Windmills"]
[WhiteFideId "2089912"]
[BlackFideId "2087090"]
[EventDate "2019.01.08"]

1. e4 e6 2. d4 d5 3. Nd2 dxe4 4. Nxe4 Nd7 5. Nf3 Ngf6 6. Nxf6+ Nxf6 7. g3 c5 8.
Bg2 cxd4 9. Qxd4 Qxd4 10. Nxd4 a6 11. O-O Bc5 12. Nb3 Ba7 13. Na5 Nd5 14. c4 Bb6
15. Bd2 Nf6 16. Nxb7 Rb8 17. Nd6+ Ke7 18. Nxc8+ Rhxc8 19. b3 Ng4 20. h3 Ne5 21.
Bf4 Bc7 22. Rad1 f6 23. Be3 Bb6 24. Bf4 g5 25. Bc1 Bc5 26. Rfe1 Rd8 27. Be4 h6
28. Kf1 Bb4 29. Ke2 Bxe1 30. Rxe1 f5 31. Bc2 Nc6 32. Kf1 Nd4 33. Bd1 Kf6 34. Bb2
e5 35. g4 f4 36. Ba3 Nc6 37. Bf3 Nb4 38. Re2 Rd3 39. Kg2 a5 40. Be4 Rd1 41. Bf5
Rbd8 42. Bb2 Nc6 43. Be4 R1d2 44. Rxd2 Rxd2 45. Bc3 Rd6 46. c5 f3+ 47. Kg3 Re6
48. Bd5 Nd4 49. Bxd4 exd4 50. Bxe6 Kxe6 51. Kxf3 Kd5 52. c6 Kxc6 53. Ke4 Kc5 54.
a3 a4 55. bxa4 Kc4 56. a5 d3 57. a6 d2 58. a7 d1=Q 59. a8=Q Qe2+ 60. Kf5 Qxf2+
61. Kg6 Qb6+ 62. Kh5 Kb3 63. Qf3+ Ka4 64. Qf8 Qe3 65. Qb4# 1-0